000 00581nam a2200181Ia 4500
008 100921s9999 xx 000 0 und d
082 _b39618
_a891.463 न 03
100 _aबिवलकर राम.
245 _aदिशाहिन.
260 _bघरकुल प्रकाशन,पुणे.
_c2003
300 _a160
_bकलाभारती वितरण,पुणे
365 _b150
520 _aललित-कथा.
630 _aदिशाहिन.
650 _aललित-कथा.
730 _aदिशाहिन.
942 _cBOOK
999 _c788731
_d788728